| 000 | 01091nam a22002537a 4500 | ||
|---|---|---|---|
| 005 | 20240530110621.0 | ||
| 008 | 161220s2015 ua a g 000 0 ara d | ||
| 017 |
_a2014/22178 _bمصر. دار الكتب |
||
| 020 | _a9789774115293 | ||
| 040 |
_aEG-CaGPL _cEG-CaGPL |
||
| 082 | 0 | 4 |
_221 _a302\ _bا ع |
| 245 | 0 |
_aعلم الاجتماع التحليلى / _cاشراف السيد على شتا ؛ اعداد و تبويب و مراجعة الترجمة و العرض و التعريب لجنة من المتخصصين / |
|
| 250 | _aط. 1 | ||
| 260 |
_aالقاهرة : _bالمكتبة المصرية للنشر و التوزيع ، _c2015. |
||
| 300 |
_a255 ص. : _bجداول ؛ _c24 سم. |
||
| 490 | 0 |
_aموسوعة العلوم الاجتماعية ؛ _v23 |
|
| 650 | 0 | 7 |
_2qarmak _aالاجتماع _xعلم |
| 651 | _2qrmak | ||
| 653 | 0 | 4 | _aالاجتماع التحليلى - علم |
| 700 | 0 |
_aلجنة من المتخصصين _eمعد و مترجم |
|
| 700 | 0 |
_aالسيد على شتا _eاشراف |
|
| 942 |
_2ddc _cBK |
||
| 999 |
_c63053 _d63053 |
||